[Event "EU-ch (Women) 24th"]
[Site "Rhodes"]
[Date "2024.04.26"]
[Round "7"]
[White "Kiolbasa, Oliwia"]
[Black "Toncheva, Nadya"]
[Result "1/2-1/2"]
[WhiteElo "2386"]
[BlackElo "2258"]
[PlyCount "110"]
[EventDate "2024.04.19"]
[EventType "swiss"]
[EventRounds "10"]
[EventCountry "GRE"]
[SourceTitle "CB18_2024"]
[SourceDate "2024.05.01"]
[SourceVersion "1"]
[SourceVersionDate "2024.05.01"]
[SourceQuality "2"]

1. d4 d5 2. c4 c6 3. Nf3 Nf6 4. e3 Bf5 5. Nc3 e6 6. Nh4 Be4 7. f3 Bg6 8. Bd2 Be7 9. Nxg6 hxg6 10. Qc2 Nbd7 11. 0-0-0 Qc7 12. g3 0-0-0 13. cxd5 Nxd5 14. Nxd5 cxd5 15. Bc3 Kb8 16. Kb1 Rc8 17. Rc1 Nb6 18. Bd3 Nc4 19. Qe2 Qb6 20. Ka1 Rc6 21. Bxc4 Rxc4 22. b3 Rc6 23. Bb2 Rhc8 24. Rxc6 Rxc6 25. Rc1 Rxc1+ 26. Bxc1 Qb4 27. Bd2 Qb6 28. Qd3 Ba3 29. Kb1 a6 30. Kc2 Qc6+ 31. Kd1 Bd6 32. Ke2 Ka7 33. Kf2 Kb6 34. Ke2 Qb5 35. Qxb5+ Kxb5 36. Kd3 Ba3 37. Bc3 a5 38. Bd2 a4 39. Bc3 Bd6 40. Bd2 f5 41. Bc3 g5 42. Bd2 axb3 43. axb3 Kc6 44. Be1 Kd7 45. h3 g4 46. hxg4 fxg4 47. fxg4 Kc6 48. e4 Kb5 49. Bd2 Bxg3 50. e5 Bf2 51. g5 g6 52. Kc3 Bg1 53. Kd3 Bf2 54. Kc3 Bg1 55. Kd3 Bf2 1/2-1/2

[Event "EU-ch (Women) 24th"]
[Site "Rhodes"]
[Date "2024.04.25"]
[Round "6"]
[White "Toncheva, Nadya"]
[Black "Atalik, Ekaterina"]
[Result "1-0"]
[WhiteElo "2258"]
[BlackElo "2406"]
[PlyCount "71"]
[EventDate "2024.04.19"]
[EventType "swiss"]
[EventRounds "10"]
[EventCountry "GRE"]
[SourceTitle "CB18_2024"]
[SourceDate "2024.05.01"]
[SourceVersion "1"]
[SourceVersionDate "2024.05.01"]
[SourceQuality "2"]

1. e4 g6 2. d4 Bg7 3. c4 d6 4. Nc3 Nf6 5. Be2 0-0 6. Bg5 c6 7. Qd2 d5 8. exd5 cxd5 9. Bxf6 Bxf6 10. Nxd5 Bg7 11. Nf3 Nc6 12. 0-0 Bg4 13. Rad1 Bxf3 14. Bxf3 Nxd4 15. Qe3 e6 16. Nc3 Qb6 17. b3 Rfd8 18. Ne4 Qa5 19. Qf4 f5 20. Ng3 Qxa2 21. Bxb7 Rab8 22. Qc7 Qxb3 23. Rb1 Qc3 24. Kh1 Bf8 25. Rfc1 Qd2 26. c5 Nb3 27. Nf1 Qd3 28. Rd1 Qxd1 29. Rxd1 Rxd1 30. Ba6 Rb4 31. c6 Nd4 32. Qd7 Rbb1 33. g3 Ra1 34. c7 Rxa6 35. c8Q Ra2 36. Kg2 1-0

[Event "EU-ch (Women) 24th"]
[Site "Rhodes"]
[Date "2024.04.22"]
[Round "4"]
[White "Toncheva, Nadya"]
[Black "Maltsevskaya, Aleksandra"]
[Result "0-1"]
[WhiteElo "2258"]
[BlackElo "2393"]
[PlyCount "64"]
[EventDate "2024.04.19"]
[EventType "swiss"]
[EventRounds "10"]
[EventCountry "GRE"]
[SourceTitle "CB18_2024"]
[SourceDate "2024.05.01"]
[SourceVersion "1"]
[SourceVersionDate "2024.05.01"]
[SourceQuality "2"]

1. e4 c6 2. d4 d5 3. Nc3 dxe4 4. Nxe4 Bf5 5. Ng3 Bg6 6. h4 h6 7. Nf3 e6 8. Ne5 Bh7 9. Bd3 Bxd3 10. Qxd3 Nd7 11. f4 Be7 12. Bd2 Nxe5 13. fxe5 Bxh4 14. 0-0-0 Bxg3 15. Qxg3 Ne7 16. Qxg7 Rg8 17. Qh7 Rxg2 18. Bxh6 Qd5 19. Kb1 0-0-0 20. Qxf7 Rd7 21. Bc1 Qe4 22. Rd3 Rxc2 23. Rh8+ Kc7 24. Kxc2 Nf5 25. Qxd7+ Kxd7 26. Kc3 a5 27. Bd2 b5 28. Rh7+ Kc8 29. Rh8+ Kb7 30. Rh7+ Ka6 31. Rd7 c5 32. a3 Qc6 0-1

[Event "EU-ch (Women) 24th"]
[Site "Rhodes"]
[Date "2024.04.19"]
[Round "1"]
[White "Mihailidou, Magdalini"]
[Black "Toncheva, Nadya"]
[Result "0-1"]
[WhiteElo "1915"]
[BlackElo "2258"]
[PlyCount "118"]
[EventDate "2024.04.19"]
[EventType "swiss"]
[EventRounds "10"]
[EventCountry "GRE"]
[SourceTitle "CB18_2024"]
[SourceDate "2024.05.01"]
[SourceVersion "1"]
[SourceVersionDate "2024.05.01"]
[SourceQuality "2"]

1. e4 c5 2. Nf3 Nc6 3. d4 cxd4 4. Nxd4 e6 5. Nc3 Qc7 6. Nb3 a6 7. Be3 b5 8. f4 Nf6 9. Bd3 d6 10. Qf3 Bb7 11. 0-0 Be7 12. Kh1 0-0 13. Qh3 b4 14. Ne2 Nd7 15. e5 g6 16. exd6 Bxd6 17. Rad1 Rfd8 18. Ned4 Nxd4 19. Bxd4 e5 20. f5 Nf8 21. Be3 e4 22. Be2 Be5 23. fxg6 hxg6 24. Nc5 Rxd1 25. Rxd1 Re8 26. Bc4 Rd8 27. Rf1 Bd5 28. Bxd5 Rxd5 29. Nxe4 Bxb2 30. Bc5 Rh5 31. Bd6 Qxc2 32. Qe3 Qc4 33. Nd2 Qxa2 34. Bxb4 Qe6 35. Qxe6 Nxe6 36. Nc4 Bg7 37. g3 Rd5 38. Ne3 Rb5 39. Bd6 Rb2 40. Nc4 Re2 41. Be7 Ra2 42. Bb4 Nd4 43. Bc3 Rc2 44. Bxd4 Bxd4 45. Nd6 f5 46. Nb7 Ra2 47. Rc1 Ra1 48. Rxa1 Bxa1 49. Kg2 Kf7 50. Kf3 Bd4 51. Na5 Bc3 52. Nc4 a5 53. Ke3 a4 54. Kd3 Bf6 55. Nd2 a3 56. Nb3 a2 57. Ke3 a1Q 58. Nxa1 Bxa1 59. Kf4 Kf6 0-1

[Event "Titled Tuesday intern op 27th Feb Late"]
[Site "Chess.com INT"]
[Date "2024.02.27"]
[Round "2"]
[White "Khalafova, Narmin Ilgar Qizi"]
[Black "Toncheva, Nadya"]
[Result "0-1"]
[WhiteElo "2280"]
[BlackElo "2257"]
[PlyCount "116"]
[EventDate "2024.02.27"]
[EventType "swiss (blitz)"]
[EventRounds "11"]
[EventCountry "USA"]
[SourceTitle "CB10_2024"]
[SourceDate "2024.03.06"]
[SourceVersion "1"]
[SourceVersionDate "2024.03.06"]
[SourceQuality "1"]

1. e4 c5 2. Nf3 Nc6 3. Bb5 e6 4. 0-0 Nge7 5. Re1 a6 6. Bf1 d5 7. d3 dxe4 8. Rxe4 Nd5 9. Bg5 Be7 10. h4 h6 11. Bc1 Nf6 12. Re1 b5 13. b3 Bb7 14. Bb2 0-0 15. Nbd2 Nd4 16. Nxd4 cxd4 17. Nf3 Bb4 18. Nxd4 Bxe1 19. Qxe1 Rc8 20. a4 Qd5 21. axb5 axb5 22. Qb4 Rfd8 23. Re1 Qh5 24. Nxb5 Rxc2 25. Be5 Rd7 26. Nd4 Rc8 27. Nb5 Ng4 28. Bg3 Bd5 29. Nd6 Ra8 30. d4 f5 31. Bb5 Rda7 32. Bc4 Ra1 33. Bxd5 exd5 34. Qd2 f4 35. Bxf4 Qxh4 36. Bg3 Qf6 37. f3 Rxe1+ 38. Bxe1 Qxd6 39. fxg4 Re8 40. Bf2 Qe6 41. Qd1 Qe2 42. Qxe2 Rxe2 43. Kf1 Rb2 44. Be3 Rxb3 45. Kf2 Kf7 46. Kf3 Ke6 47. Kf4 Rb2 48. g3 Rb1 49. Kf3 Rf1+ 50. Kg2 Rf7 51. g5 hxg5 52. Bxg5 Kf5 53. Be3 Ke4 54. Bf2 Rxf2+ 55. Kxf2 Kxd4 56. Kf3 Kc3 57. Ke3 d4+ 58. Ke4 d3 0-1

[Event "Titled Tuesday intern op 27th Feb Late"]
[Site "Chess.com INT"]
[Date "2024.02.27"]
[Round "4"]
[White "Sahakyan, Aleks"]
[Black "Toncheva, Nadya"]
[Result "1-0"]
[WhiteElo "2318"]
[BlackElo "2257"]
[PlyCount "55"]
[EventDate "2024.02.27"]
[EventType "swiss (blitz)"]
[EventRounds "11"]
[EventCountry "USA"]
[SourceTitle "CB10_2024"]
[SourceDate "2024.03.06"]
[SourceVersion "1"]
[SourceVersionDate "2024.03.06"]
[SourceQuality "1"]

1. e4 c5 2. Nc3 Nc6 3. Bb5 Nd4 4. Nf3 a6 5. Bd3 Nc6 6. 0-0 e6 7. Nd5 g6 8. Ne3 Bg7 9. c3 Nge7 10. Bc2 d5 11. exd5 Nxd5 12. d4 cxd4 13. cxd4 0-0 14. Bb3 Nce7 15. Ng4 h5 16. Nh6+ Kh8 17. Ne5 Bxe5 18. dxe5 Kg7 19. Bg5 Qc7 20. Re1 Bd7 21. g4 h4 22. Qf3 Bc6 23. Qh3 Rh8 24. Qxh4 Ng8 25. Bxd5 Bxd5 26. Bf6+ Nxf6 27. Qxf6+ Kxh6 28. Re3 1-0

[Event "Titled Tuesday intern op 27th Feb Late"]
[Site "Chess.com INT"]
[Date "2024.02.27"]
[Round "3"]
[White "Toncheva, Nadya"]
[Black "Buenafe Moya, Javier"]
[Result "1-0"]
[WhiteElo "2257"]
[BlackElo "2136"]
[PlyCount "179"]
[EventDate "2024.02.27"]
[EventType "swiss (blitz)"]
[EventRounds "11"]
[EventCountry "USA"]
[SourceTitle "CB10_2024"]
[SourceDate "2024.03.06"]
[SourceVersion "1"]
[SourceVersionDate "2024.03.06"]
[SourceQuality "1"]

1. e4 e5 2. Nf3 Nc6 3. Bb5 a6 4. Ba4 d6 5. 0-0 Bd7 6. c4 Nd4 7. Bxd7+ Qxd7 8. Nxd4 exd4 9. d3 g6 10. f4 Bg7 11. Nd2 Ne7 12. Nf3 h6 13. Rb1 0-0 14. b4 f5 15. Bb2 c5 16. bxc5 dxc5 17. e5 b5 18. Ba3 Rfc8 19. Qb3 b4 20. Bc1 a5 21. a4 Rc6 22. Qd1 Nc8 23. Ra1 Nb6 24. Kh1 Re6 25. h3 Rae8 26. Nd2 g5 27. g3 gxf4 28. gxf4 Rg6 29. Qh5 Rg3 30. Rf3 Qc6 31. Kh2 Rxf3 32. Qxf3 Qd7 33. Nb3 Nxa4 34. Qd5+ Qxd5 35. cxd5 Nc3 36. Rxa5 Nxd5 37. Rxc5 Ne3 38. Nxd4 Nd1 39. Nxf5 Rb8 40. Rc7 Bf8 41. e6 b3 42. e7 b2 43. Bxb2 Rxb2+ 44. Kg3 Bxe7 45. Rxe7 Rd2 46. Nxh6+ Kf8 47. Rd7 Ke8 48. Rd5 Nc3 49. Re5+ Kf8 50. Re3 Kg7 51. Nf5+ Kg6 52. Ne7+ Kh5 53. f5 Ne2+ 54. Kf3 Ng1+ 55. Ke4 Kh4 56. Ng6+ Kg5 57. Rg3+ Kf6 58. Rxg1 Re2+ 59. Kd4 Kxf5 60. h4 Rh2 61. Rg5+ Kf6 62. Rg3 Rh1 63. Nf4 Rxh4 64. Ke3 Kf5 65. Ne2 Ra4 66. Rf3+ Kg5 67. d4 Ra3+ 68. Ke4 Ra2 69. Nc3 Ra1 70. d5 Re1+ 71. Kd4 Rd1+ 72. Ke5 Kg4 73. Rf4+ Kg3 74. Rf8 Re1+ 75. Ne4+ Kg4 76. Rf4+ Kh5 77. d6 Rd1 78. Ke6 Kh6 79. Rf5 Re1 80. Re5 Rd1 81. d7 Kh7 82. Rd5 Re1 83. Ke5 Rg1 84. d8Q Rg5+ 85. Nxg5+ Kg6 86. Qf6+ Kh5 87. Ne4 Kg4 88. Qg5+ Kf3 89. Qg3+ Ke2 90. Qf2# 1-0

[Event "Titled Tuesday intern op 27th Feb Late"]
[Site "Chess.com INT"]
[Date "2024.02.27"]
[Round "6"]
[White "Toncheva, Nadya"]
[Black "Haydon, David Leslie"]
[Result "1/2-1/2"]
[WhiteElo "2257"]
[BlackElo "2230"]
[PlyCount "115"]
[EventDate "2024.02.27"]
[EventType "swiss (blitz)"]
[EventRounds "11"]
[EventCountry "USA"]
[SourceTitle "CB10_2024"]
[SourceDate "2024.03.06"]
[SourceVersion "1"]
[SourceVersionDate "2024.03.06"]
[SourceQuality "1"]

1. e4 c6 2. d4 d5 3. Nc3 dxe4 4. Nxe4 Nf6 5. Nxf6+ exf6 6. c3 Be7 7. Bd3 0-0 8. Ne2 Re8 9. 0-0 Bg4 10. Qc2 g6 11. h3 Bxe2 12. Bxe2 Bd6 13. Bf3 Nd7 14. Be3 f5 15. Rfe1 Qh4 16. Bd2 Nf6 17. Qd3 Ng4 18. Bxg4 fxg4 19. Rxe8+ Rxe8 20. Re1 Rxe1+ 21. Bxe1 gxh3 22. Qxh3 Qxh3 23. gxh3 f5 24. c4 Kf7 25. Kg2 Ke6 26. Kf3 g5 27. Bd2 Kf6 28. Bc3 Kg6 29. b4 h5 30. b5 cxb5 31. cxb5 g4+ 32. Kg2 Kf6 33. d5+ Be5 34. Bd2 Ke7 35. Bb4+ Kd7 36. a4 Kc7 37. Bc5 Bd6 38. Bd4 a6 39. bxa6 bxa6 40. hxg4 fxg4 41. f3 Kd7 42. fxg4 hxg4 43. Bf2 Ke7 44. Bg3 Bc5 45. Be5 Bd6 46. Bxd6+ Kxd6 47. Kg3 Kxd5 48. Kxg4 Kc4 49. Kf3 Kb4 50. Ke3 Kxa4 51. Kd2 Ka3 52. Kc1 Ka2 53. Kc2 a5 54. Kc1 a4 55. Kc2 a3 56. Kc1 Ka1 57. Kc2 a2 58. Kc1 1/2-1/2

[Event "Titled Tuesday intern op 13th Feb Late"]
[Site "Chess.com INT"]
[Date "2024.02.13"]
[Round "5"]
[White "Novak, Ratko"]
[Black "Toncheva, Nadya"]
[Result "0-1"]
[WhiteElo "2037"]
[BlackElo "2257"]
[PlyCount "90"]
[EventDate "2024.02.13"]
[EventType "swiss (blitz)"]
[EventRounds "11"]
[EventCountry "USA"]
[SourceTitle "CB08_2024"]
[SourceDate "2024.02.21"]
[SourceVersion "1"]
[SourceVersionDate "2024.02.21"]
[SourceQuality "1"]

1. d4 g6 2. c4 Bg7 3. Nc3 c5 4. e3 cxd4 5. exd4 Nf6 6. Nf3 0-0 7. Bd3 d5 8. 0-0 Nc6 9. h3 b6 10. cxd5 Nxd5 11. Be4 Be6 12. Ng5 Nxc3 13. bxc3 Bd5 14. Re1 Bxe4 15. Nxe4 Rc8 16. Ba3 Qd5 17. Ng3 Rfe8 18. Qb3 e6 19. Qxd5 exd5 20. Bd6 Na5 21. Bb4 Nc4 22. a4 a5 23. Be7 Bh6 24. Nf1 f5 25. h4 Kf7 26. Bg5 Bxg5 27. hxg5 Nd6 28. Ne3 Ne4 29. Nxd5 Rc6 30. c4 Rxc4 31. Nxb6 Rxd4 32. f3 Nxg5 33. Rxe8 Kxe8 34. Rc1 Ne6 35. Rc6 Kf7 36. Nc4 Rd1+ 37. Kf2 Rd5 38. Ra6 Nc5 39. Rxa5 Nd3+ 40. Ke3 Rxa5 41. Nxa5 Nb2 42. Kf4 Nxa4 43. Kg5 Nc5 44. Kh6 Nd3 45. Nc4 Ne1 0-1

[Event "Swiss Queens Wed #2"]
[Site "FIDE Online Arena INT"]
[Date "2024.02.07"]
[Round "8"]
[White "Pham, Le Thao Nguyen"]
[Black "Toncheva, Nadya"]
[Result "1-0"]
[WhiteElo "2395"]
[BlackElo "2257"]
[PlyCount "91"]
[EventDate "2024.02.07"]
[EventType "swiss (blitz)"]
[EventRounds "11"]
[EventCountry "NET"]
[SourceTitle "CB07_2024"]
[SourceDate "2024.02.14"]
[SourceVersion "1"]
[SourceVersionDate "2024.02.14"]
[SourceQuality "1"]

1. d4 d5 2. c4 c6 3. Nc3 Nf6 4. cxd5 cxd5 5. Bf4 Bf5 6. Qb3 Qd7 7. e3 Nc6 8. Nf3 a6 9. Na4 e6 10. a3 Na5 11. Qd1 Qd8 12. Rc1 Bd6 13. Bxd6 Qxd6 14. Be2 0-0 15. 0-0 Rac8 16. Nc5 Ne4 17. b4 Nc4 18. Bxc4 dxc4 19. Nxb7 Qd5 20. Nc5 Nxc5 21. bxc5 Bd3 22. Re1 Rb8 23. Ne5 Rb3 24. Nxd3 Rxd3 25. Qc2 Rxa3 26. Qxc4 Qf5 27. Qc2 Qd5 28. Qc4 Qc6 29. e4 Ra4 30. Qc3 Rd8 31. Rcd1 h6 32. h3 Ra2 33. Qf3 Rb8 34. Re2 Rbb2 35. Rxb2 Rxb2 36. Rc1 Rd2 37. Qe3 Rb2 38. Qd3 Rb8 39. d5 exd5 40. exd5 Qf6 41. c6 Rb2 42. Qe3 Qd6 43. Qe8+ Kh7 44. c7 Qf4 45. Qe3 Qf6 46. c8Q 1-0

[Event "Swiss Queens Wed #2"]
[Site "FIDE Online Arena INT"]
[Date "2024.02.07"]
[Round "1"]
[White "Toncheva, Nadya"]
[Black "Hrebenshchykova, Yelyzaveta"]
[Result "0-1"]
[WhiteElo "2257"]
[BlackElo "2282"]
[PlyCount "80"]
[EventDate "2024.02.07"]
[EventType "swiss (blitz)"]
[EventRounds "11"]
[EventCountry "NET"]
[SourceTitle "CB07_2024"]
[SourceDate "2024.02.14"]
[SourceVersion "1"]
[SourceVersionDate "2024.02.14"]
[SourceQuality "1"]

1. e4 c5 2. c3 d5 3. exd5 Qxd5 4. Nf3 Nf6 5. d4 e6 6. Na3 Qd8 7. Nc2 Nc6 8. Be3 cxd4 9. Ncxd4 Nxd4 10. Bxd4 a6 11. Bd3 Be7 12. 0-0 0-0 13. Re1 b5 14. Qe2 Bb7 15. Rad1 Qc7 16. Bb1 Rad8 17. h3 Rd5 18. Qc2 g6 19. Be5 Qb6 20. Rxd5 Bxd5 21. Nd4 Rc8 22. Qd2 Nd7 23. Bg3 b4 24. Qe3 bxc3 25. bxc3 Bf6 26. h4 Qb2 27. Ne2 h5 28. Qa7 Qb7 29. Qxb7 Bxb7 30. Rd1 Nb6 31. Bd3 Nc4 32. Nd4 a5 33. Rb1 Bd5 34. Bf4 Na3 35. Rb8 Rxb8 36. Bxb8 Bxa2 37. Bc7 a4 38. Nc2 Nxc2 39. Bxc2 Bb3 40. Bd3 a3 0-1

[Event "Swiss Queens Wed #2"]
[Site "FIDE Online Arena INT"]
[Date "2024.02.07"]
[Round "5"]
[White "Toncheva, Nadya"]
[Black "Zaksaite, Salomeja"]
[Result "1-0"]
[WhiteElo "2257"]
[BlackElo "2212"]
[PlyCount "61"]
[EventDate "2024.02.07"]
[EventType "swiss (blitz)"]
[EventRounds "11"]
[EventCountry "NET"]
[SourceTitle "CB07_2024"]
[SourceDate "2024.02.14"]
[SourceVersion "1"]
[SourceVersionDate "2024.02.14"]
[SourceQuality "1"]

1. e4 c5 2. Nf3 Nc6 3. c3 Nf6 4. e5 Nd5 5. Bc4 e6 6. 0-0 d6 7. d4 cxd4 8. cxd4 dxe5 9. dxe5 Nb6 10. Bb5 Qxd1 11. Rxd1 Bd7 12. Nc3 a6 13. Bd3 Be7 14. Be3 Nd5 15. Nxd5 exd5 16. Rac1 0-0 17. Bf4 Rac8 18. Bc2 Be6 19. Bb3 Rfd8 20. h3 h6 21. a3 d4 22. Bxe6 fxe6 23. Nxd4 Nxd4 24. Rxc8 Rxc8 25. Rxd4 Rc2 26. Rd2 Rc1+ 27. Kh2 Kf7 28. Rd7 Rc2 29. Be3 Ke8 30. Rxb7 Bc5 31. Rc7 1-0

[Event "Swiss Queens Wed #1"]
[Site "FIDE Online Arena INT"]
[Date "2024.01.31"]
[Round "4"]
[White "Ambartsumova, Karina"]
[Black "Toncheva, Nadya"]
[Result "1/2-1/2"]
[WhiteElo "2418"]
[BlackElo "2257"]
[PlyCount "91"]
[EventDate "2024.01.31"]
[EventType "swiss (blitz)"]
[EventRounds "11"]
[EventCountry "NET"]
[SourceTitle "CB06_2024"]
[SourceDate "2024.02.07"]
[SourceVersion "1"]
[SourceVersionDate "2024.02.07"]
[SourceQuality "1"]

1. d4 d5 2. c4 dxc4 3. e3 Nf6 4. Bxc4 e6 5. Nc3 a6 6. Nf3 c5 7. Bd3 Nc6 8. 0-0 Be7 9. Qe2 0-0 10. Rd1 b5 11. dxc5 Qc7 12. Ne4 Nxe4 13. Bxe4 Bb7 14. Bd2 f5 15. Bxc6 Qxc6 16. b4 Bf6 17. Rac1 Rad8 18. Bc3 Rxd1+ 19. Qxd1 Rd8 20. Qc2 Qd5 21. Bxf6 gxf6 22. h3 Bc6 23. Qe2 Kf7 24. Ne1 Rg8 25. f3 Rd8 26. Kf2 e5 27. Rc3 e4 28. f4 Qd2 29. Rc2 Qd5 30. Qh5+ Ke6 31. Qxh7 Qd1 32. Qc7 Rd2+ 33. Rxd2 Qxd2+ 34. Kf1 Bd5 35. Qd6+ Kf7 36. Qd7+ Kg6 37. c6 Bc4+ 38. Kg1 Qxe3+ 39. Kh2 Qxf4+ 40. g3 Qf2+ 41. Ng2 Bf1 42. Qe8+ Kg7 43. Qe7+ Kg6 44. Qe8+ Kg7 45. Qe7+ Kg6 46. Qe8+ 1/2-1/2

[Event "Swiss Queens Wed #1"]
[Site "FIDE Online Arena INT"]
[Date "2024.01.31"]
[Round "2"]
[White "Fierro Baquero, Martha Lorena"]
[Black "Toncheva, Nadya"]
[Result "1-0"]
[WhiteElo "2283"]
[BlackElo "2257"]
[PlyCount "61"]
[EventDate "2024.01.31"]
[EventType "swiss (blitz)"]
[EventRounds "11"]
[EventCountry "NET"]
[SourceTitle "CB06_2024"]
[SourceDate "2024.02.07"]
[SourceVersion "1"]
[SourceVersionDate "2024.02.07"]
[SourceQuality "1"]

1. g3 c5 2. Bg2 Nc6 3. c4 e5 4. Nc3 g6 5. d3 Bg7 6. a3 Nge7 7. Rb1 0-0 8. b4 d6 9. Nf3 f5 10. Bd2 Be6 11. bxc5 dxc5 12. Rxb7 Rb8 13. Qb1 Rxb7 14. Qxb7 Nd4 15. Nxd4 exd4 16. Na4 Bc8 17. Qxa7 Re8 18. 0-0 Kh8 19. Nxc5 Qd6 20. Bf4 Qf6 21. Nd7 Qe6 22. Nb6 Qxe2 23. Nxc8 Nxc8 24. Qd7 Bf6 25. Bf3 Qe7 26. Qxe7 Rxe7 27. a4 Ra7 28. Ra1 Kg7 29. a5 Bd8 30. a6 Bb6 31. Bb7 1-0

[Event "Swiss Queens Wed #1"]
[Site "FIDE Online Arena INT"]
[Date "2024.01.31"]
[Round "7"]
[White "Toncheva, Nadya"]
[Black "Galvan Cipriani, Viviana"]
[Result "1-0"]
[WhiteElo "2257"]
[BlackElo "2104"]
[PlyCount "57"]
[EventDate "2024.01.31"]
[EventType "swiss (blitz)"]
[EventRounds "11"]
[EventCountry "NET"]
[SourceTitle "CB06_2024"]
[SourceDate "2024.02.07"]
[SourceVersion "1"]
[SourceVersionDate "2024.02.07"]
[SourceQuality "1"]

1. d4 Nf6 2. c4 e6 3. Nc3 Bb4 4. e3 0-0 5. Nge2 Re8 6. a3 Bf8 7. Nf4 d5 8. Bd3 c6 9. 0-0 Nbd7 10. cxd5 exd5 11. f3 Nb6 12. Kh1 Bd6 13. e4 dxe4 14. fxe4 Bg4 15. Qc2 Bxf4 16. Bxf4 Nfd7 17. e5 Nf8 18. Qf2 Bh5 19. Ne4 Nc8 20. Rae1 Bg6 21. Bg5 Qd7 22. Nc5 Qc7 23. Bxg6 hxg6 24. Qh4 Ne6 25. Ne4 Nf8 26. Nf6+ gxf6 27. Bxf6 Nh7 28. Qh6 Nxf6 29. exf6 1-0

[Event "Swiss Queens Wed #1"]
[Site "FIDE Online Arena INT"]
[Date "2024.01.31"]
[Round "11"]
[White "Toncheva, Nadya"]
[Black "Nikitina, Elena"]
[Result "1-0"]
[WhiteElo "2257"]
[BlackElo "1996"]
[PlyCount "97"]
[EventDate "2024.01.31"]
[EventType "swiss (blitz)"]
[EventRounds "11"]
[EventCountry "NET"]
[SourceTitle "CB06_2024"]
[SourceDate "2024.02.07"]
[SourceVersion "1"]
[SourceVersionDate "2024.02.07"]
[SourceQuality "1"]

1. e4 d5 2. exd5 Qxd5 3. Nc3 Qa5 4. d4 Nf6 5. Bc4 Bg4 6. Nf3 Nc6 7. h3 Bh5 8. g4 Bg6 9. Bf4 0-0-0 10. Qd2 e5 11. Bxe5 Bb4 12. Bxf6 gxf6 13. 0-0 h5 14. a3 Bxc3 15. Qxc3 hxg4 16. hxg4 Qxc3 17. bxc3 Bxc2 18. Bxf7 Be4 19. Kg2 Rdf8 20. Be6+ Kd8 21. Rh1 Ne7 22. Kg3 f5 23. Rxh8 Rxh8 24. Ng5 Rf8 25. Nxe4 fxe4 26. Re1 Rf3+ 27. Kg2 Rxc3 28. Rxe4 Rxa3 29. g5 Ra5 30. Rg4 Ng6 31. Bf7 Ra6 32. Bxg6 Rxg6 33. f4 Ke7 34. f5 Rg8 35. Kf3 a5 36. Kf4 b5 37. Rh4 a4 38. g6 Kf6 39. Rh7 Rf8 40. Rxc7 a3 41. Rc6+ Kg7 42. Kg5 Ra8 43. Rc7+ Kg8 44. f6 a2 45. Rg7+ Kh8 46. Rh7+ Kg8 47. f7+ Kf8 48. Rh8+ Ke7 49. Rxa8 1-0

[Event "Wch Blitz (Women)"]
[Site "Samarkand"]
[Date "2023.12.29"]
[Round "6"]
[White "Muzychuk, Anna"]
[Black "Toncheva, Nadya"]
[Result "1-0"]
[WhiteElo "2530"]
[BlackElo "2285"]
[PlyCount "99"]
[EventDate "2023.12.29"]
[EventType "swiss (blitz)"]
[EventRounds "17"]
[EventCountry "UZB"]
[SourceTitle "CB01_2024"]
[SourceDate "2024.01.03"]
[SourceVersion "1"]
[SourceVersionDate "2024.01.03"]
[SourceQuality "1"]

1. e4 c5 2. c3 d5 3. exd5 Qxd5 4. Nf3 Nf6 5. d4 Nc6 6. Na3 Bg4 7. Be2 e6 8. Nb5 0-0-0 9. h3 Bh5 10. 0-0 a6 11. Na3 cxd4 12. cxd4 Kb8 13. Bf4+ Bd6 14. Be3 Bc7 15. Rc1 Ne4 16. Nc4 f6 17. Ncd2 Nxd2 18. Qxd2 e5 19. Rc5 Qxc5 20. dxc5 Rxd2 21. Bxd2 Bf7 22. b3 Rd8 23. Bc3 g6 24. Rd1 Rxd1+ 25. Bxd1 e4 26. Nd4 Ne5 27. a3 f5 28. b4 Nd3 29. Be2 Bc4 30. Kf1 Kc8 31. f3 exf3 32. Nxf3 b5 33. cxb6 Bxb6 34. Nd2 Bb5 35. a4 Bxa4 36. Bxd3 Kb7 37. Nc4 Bc7 38. Be5 Bd8 39. Kf2 Bc6 40. Na5+ Bxa5 41. bxa5 Bd5 42. g3 Bc6 43. h4 Bd5 44. Ke3 h6 45. Bg7 h5 46. Kf4 Bf7 47. Kg5 Be8 48. Kf6 Ka7 49. Bf8 Kb7 50. Bc5 1-0

[Event "Wch Blitz (Women)"]
[Site "Samarkand"]
[Date "2023.12.29"]
[Round "2"]
[White "Zhunusbekova, Aymunzhok"]
[Black "Toncheva, Nadya"]
[Result "1/2-1/2"]
[WhiteElo "1527"]
[BlackElo "2285"]
[PlyCount "119"]
[EventDate "2023.12.29"]
[EventType "swiss (blitz)"]
[EventRounds "17"]
[EventCountry "UZB"]
[SourceTitle "CB01_2024"]
[SourceDate "2024.01.03"]
[SourceVersion "1"]
[SourceVersionDate "2024.01.03"]
[SourceQuality "1"]

1. e4 c5 2. Nf3 Nc6 3. Bb5 e6 4. 0-0 Nge7 5. c3 a6 6. Ba4 b5 7. Bc2 d5 8. Re1 Bb7 9. exd5 Nxd5 10. d4 c4 11. Nbd2 Be7 12. Ne4 0-0 13. Qe2 Nf6 14. Bf4 Nxe4 15. Bxe4 Qd7 16. Rad1 Bf6 17. Ng5 h6 18. Nh7 Be7 19. Nxf8 Bxf8 20. d5 exd5 21. Rxd5 Qe7 22. Bd6 Qf6 23. Bxf8 Rxf8 24. Rf5 Qh4 25. Rf3 Rd8 26. Bf5 g6 27. Rh3 Qg5 28. Be4 Re8 29. Qe3 Nd8 30. Qxg5 hxg5 31. Rhe3 Bxe4 32. Rxe4 Ne6 33. g3 Rd8 34. R1e2 Kg7 35. Kg2 Kf6 36. f4 gxf4 37. gxf4 Rh8 38. a4 Rh4 39. Kg3 Rh5 40. Re5 Rh8 41. axb5 axb5 42. Rxb5 Ng7 43. Rb6+ Ne6 44. Rc6 Rd8 45. Rxc4 Rd3+ 46. Kf2 Kf5 47. Re5+ Kg4 48. f5+ Nf4 49. Ree4 Rf3+ 50. Ke1 Kxf5 51. Rxf4+ Rxf4 52. Rxf4+ Kxf4 53. Kf2 Ke4 54. Kg3 f5 55. b4 Ke3 56. b5 f4+ 57. Kg2 Ke2 58. b6 f3+ 59. Kg3 f2 60. b7 1/2-1/2

[Event "Wch Rapid (Women)"]
[Site "Samarkand"]
[Date "2023.12.27"]
[Round "7"]
[White "Toncheva, Nadya"]
[Black "Getman, Tatyana"]
[Result "1-0"]
[WhiteElo "2285"]
[BlackElo "2188"]
[PlyCount "135"]
[EventDate "2023.12.26"]
[EventType "swiss (rapid)"]
[EventRounds "11"]
[EventCountry "UZB"]
[SourceTitle "CB01_2024"]
[SourceDate "2024.01.03"]
[SourceVersion "1"]
[SourceVersionDate "2024.01.03"]
[SourceQuality "1"]

1. e4 c5 2. c3 Nf6 3. e5 Nd5 4. Nf3 d6 5. exd6 Qxd6 6. Bc4 Qe6+ 7. Qe2 Qxe2+ 8. Kxe2 Nb6 9. Bb5+ Bd7 10. Bxd7+ N8xd7 11. d4 e6 12. Nbd2 Be7 13. a4 Nd5 14. Ne4 0-0 15. Bd2 N5f6 16. Nxc5 Nxc5 17. dxc5 Bxc5 18. b4 Be7 19. Rhd1 Rac8 20. Be1 Nd5 21. Rac1 Rc4 22. Rd4 Rfc8 23. Rxc4 Rxc4 24. Bd2 h6 25. Kd3 Rc8 26. a5 Rd8 27. Kc2 Rc8 28. Kb3 Nf6 29. Be3 a6 30. Rd1 Nd5 31. Bd4 f6 32. g3 Rd8 33. Ba7 Rc8 34. Rd3 Kf7 35. Ne1 Ra8 36. Bd4 Rd8 37. f3 g5 38. Ba7 Ra8 39. Bf2 Rc8 40. Nc2 f5 41. c4 Nf6 42. Bd4 Rd8 43. Kc3 h5 44. Be5 Rxd3+ 45. Kxd3 Nd7 46. Bc7 e5 47. c5 Ke6 48. Ne3 g4 49. fxg4 hxg4 50. Kc4 Bg5 51. Nd5 Bd2 52. Bd6 Be1 53. Nc7+ Kf6 54. Nxa6 f4 55. gxf4 exf4 56. Bxf4 Kf5 57. Bd6 Bf2 58. Nc7 Ne5+ 59. Kd5 Nc6 60. Kc4 Bg1 61. Bg3 Ne5+ 62. Kb5 Nf3 63. a6 bxa6+ 64. Nxa6 Nd4+ 65. Kc4 Ne6 66. b5 Nd8 67. Kd5 Nf7 68. b6 1-0